[Event "London Classic op 11th"]
[Site "London"]
[Date "2019.11.30"]
[Round "2"]
[White "Ifalore, Michael"]
[Black "Mohnblatt, Daniel"]
[Result "1-0"]
[WhiteElo "1989"]
[BlackElo "1688"]
[PlyCount "51"]
[EventDate "2019.11.29"]
[EventType "swiss"]
[EventRounds "9"]
[EventCountry "ENG"]
[SourceTitle "CBM 193 Extra"]
[Source "ChessBase"]
[SourceDate "2020.01.31"]
[SourceVersion "1"]
[SourceVersionDate "2020.01.31"]
[SourceQuality "1"]

1. e4 Nf6 2. e5 Nd5 3. d4 d6 4. Nf3 dxe5 5. Nxe5 c6 6. Be2 Nd7 7. Nf3 N7f6 8. 0-0 Bg4 9. h3 Bh5 10. Ne5 Bxe2 11. Qxe2 e6 12. Bg5 h6 13. Bh4 Nf4 14. Qe3 g5 15. Bg3 N6d5 16. Qf3 Qb6 17. c4 Qxb2 18. cxd5 Qxd4 19. dxc6 Qxe5 20. cxb7 Rb8 21. Qc6+ Ke7 22. Nd2 Ne2+ 23. Kh2 Nxg3 24. fxg3 f5 25. Nc4 Qd5 26. Qc7+ 1-0

[Event "EU-ch Amateur U2000"]
[Site "Rhodes"]
[Date "2019.04.12"]
[Round "7"]
[White "Petukhov, Igor"]
[Black "Mohnblatt, Daniel"]
[Result "1/2-1/2"]
[WhiteElo "1819"]
[BlackElo "1708"]
[PlyCount "80"]
[EventDate "2019.04.06"]
[EventType "swiss"]
[EventRounds "9"]
[EventCountry "GRE"]
[SourceTitle "EXT 2020"]
[Source "ChessBase"]
[SourceDate "2019.10.17"]
[SourceVersion "1"]
[SourceVersionDate "2019.10.17"]
[SourceQuality "1"]

1. e4 Nf6 2. e5 Nd5 3. d4 d6 4. c4 Nb6 5. f4 dxe5 6. fxe5 Nc6 7. Be3 Bf5 8. Be2 e6 9. Nf3 Be7 10. Nc3 0-0 11. a3 a5 12. 0-0 f6 13. Nh4 fxe5 14. Nxf5 exf5 15. d5 Nd4 16. Bxd4 exd4 17. Qxd4 Nd7 18. Qd2 Nc5 19. Qc2 Qd7 20. Rad1 Bd6 21. Bd3 Nxd3 22. Qxd3 Rae8 23. Nb5 Bc5+ 24. Kh1 Re3 25. Qd2 Rfe8 26. Nd4 Bxd4 27. Qxd4 R8e4 28. Qc5 b6 29. Qc6 Qxc6 30. dxc6 g6 31. Rd7 Re7 32. g4 Rxd7 33. cxd7 Rd3 34. gxf5 Rxd7 35. fxg6 hxg6 36. Kg2 Rd4 37. b3 Rd3 38. Rf3 Rd2+ 39. Kg3 Kg7 40. h4 Rd4 1/2-1/2

[Event "EU-ch Amateur U2000"]
[Site "Rhodes"]
[Date "2019.04.06"]
[Round "1"]
[White "Mohnblatt, Daniel"]
[Black "Wlogalski, Olivier"]
[Result "0-1"]
[WhiteElo "1708"]
[BlackElo "1853"]
[PlyCount "155"]
[EventDate "2019.04.06"]
[EventType "swiss"]
[EventRounds "9"]
[EventCountry "GRE"]
[SourceTitle "EXT 2020"]
[Source "ChessBase"]
[SourceDate "2019.10.17"]
[SourceVersion "1"]
[SourceVersionDate "2019.10.17"]
[SourceQuality "1"]

1. d4 f5 2. c4 Nf6 3. Nc3 g6 4. f3 d6 5. e4 fxe4 6. fxe4 Bg7 7. Be2 Nc6 8. Nf3 Bg4 9. 0-0 Bxf3 10. Bxf3 e5 11. d5 Nd4 12. Be3 Nxf3+ 13. Qxf3 0-0 14. Qh3 Qc8 15. Qxc8 Raxc8 16. Rf3 h6 17. Raf1 Kh7 18. h3 a6 19. a4 g5 20. g4 Kg8 21. Rf5 c6 22. b3 b5 23. dxc6 Rxc6 24. Nd5 Nxd5 25. exd5 Rcc8 26. Rxf8+ Bxf8 27. axb5 axb5 28. Rc1 bxc4 29. Rxc4 Rb8 30. Rc3 Rb5 31. Rd3 Bg7 32. Bf2 Rb4 33. Be1 Rf4 34. Bd2 Rf7 35. Kg2 Rc7 36. Bb4 Bf8 37. Kf3 Rf7+ 38. Kg3 Rf1 39. Kg2 Rf4 40. Bd2 Rf7 41. Kg3 Re7 42. Bb4 Re8 43. Kf2 Rb8 44. Ba3 e4 45. Re3 Rb5 46. Rxe4 Rxb3 47. Re3 Rb6 48. Kf3 Ra6 49. Ke4 Ra4+ 50. Kf3 Rd4 51. Bb2 Rxd5 52. Re6 Rd3+ 53. Ke4 Rxh3 54. Rg6+ Kf7 55. Rf6+ Ke7 56. Rg6 Rb3 57. Bd4 Rb5 58. Kd3 d5 59. Kc3 Kf7 60. Rf6+ Ke8 61. Re6+ Kd7 62. Rf6 Ke7 63. Rg6 Rb8 64. Rc6 Kd7 65. Rf6 Rc8+ 66. Kd3 Ke7 67. Rg6 Rc4 68. Ra6 Rc7 69. Rb6 Kf7 70. Rf6+ Kg8 71. Rg6+ Kh7 72. Rf6 Bg7 73. Rd6 Bxd4 74. Kxd4 Rc4+ 75. Kxd5 Rxg4 76. Ke5 Rf4 77. Ra6 Rf7 78. Kd4 0-1

[Event "World Amateur-ch U2000"]
[Site "Cagliari"]
[Date "2018.04.23"]
[Round "3"]
[White "Mohnblatt, Daniel"]
[Black "Pierandrei, Cristiano"]
[Result "1/2-1/2"]
[WhiteElo "1783"]
[BlackElo "1971"]
[PlyCount "84"]
[EventDate "2018.04.22"]
[EventType "swiss"]
[EventRounds "9"]
[EventCountry "ITA"]
[SourceTitle "CBM 184 Extra"]
[Source "ChessBase"]
[SourceDate "2018.06.28"]
[SourceVersion "1"]
[SourceVersionDate "2018.06.28"]
[SourceQuality "1"]

1. d4 e6 2. Nf3 c5 3. e3 Nf6 4. Bd3 d5 5. b3 Nc6 6. Bb2 Bd7 7. 0-0 Rc8 8. Nbd2 Nb4 9. Ne5 Nxd3 10. cxd3 cxd4 11. Bxd4 a6 12. Nxd7 Qxd7 13. Rc1 Ba3 14. Rc2 0-0 15. Bxf6 gxf6 16. Nb1 Rxc2 17. Qxc2 Rc8 18. Qd2 Bd6 19. Rc1 Bc7 20. Qb2 Kg7 21. Nd2 Be5 22. d4 Rxc1+ 23. Qxc1 Qc7 24. Qxc7 Bxc7 25. Kf1 Kf8 26. h3 Ke7 27. Ke2 Kd6 28. Kd3 Kc6 29. Kc3 Kb5 30. a4+ Ka5 31. Nf1 Bd6 32. f3 Bb4+ 33. Kb2 f5 34. g4 fxg4 35. hxg4 Bd6 36. Kc3 Bb4+ 37. Kb2 Be1 38. e4 Kb4 39. exd5 Bc3+ 40. Kc2 Bxd4 41. dxe6 fxe6 42. Nd2 b5 1/2-1/2

[Event "World Amateur-ch U2000"]
[Site "Cagliari"]
[Date "2018.04.23"]
[Round "2"]
[White "Salerni, Guido"]
[Black "Mohnblatt, Daniel"]
[Result "0-1"]
[WhiteElo "1680"]
[BlackElo "1783"]
[PlyCount "72"]
[EventDate "2018.04.22"]
[EventType "swiss"]
[EventRounds "9"]
[EventCountry "ITA"]
[SourceTitle "CBM 184 Extra"]
[Source "ChessBase"]
[SourceDate "2018.06.28"]
[SourceVersion "1"]
[SourceVersionDate "2018.06.28"]
[SourceQuality "1"]

1. Nf3 Nf6 2. g3 b6 3. Bg2 Bb7 4. 0-0 e6 5. d3 d6 6. Nbd2 Be7 7. b3 Nbd7 8. Bb2 0-0 9. Nc4 c5 10. e4 b5 11. Ne3 Qc7 12. Nd2 d5 13. exd5 Nxd5 14. c4 Nb4 15. Bxb7 Qxb7 16. Qe2 a6 17. a3 Nc6 18. Rab1 Bf6 19. Bxf6 Nxf6 20. Ng4 Nxg4 21. Qxg4 Nd4 22. Qe4 Qd7 23. Rb2 Rad8 24. Rd1 f5 25. Qe3 Qc6 26. f4 Rd6 27. Rf1 Rfd8 28. Nf3 Qd7 29. Ne5 Qb7 30. Nf3 Nxf3+ 31. Rxf3 bxc4 32. dxc4 Rd1+ 33. Kf2 Qd7 34. Ke2 Rh1 35. Qf2 Qd1+ 36. Ke3 Rd3# 0-1

[Event "London Classic op"]
[Site "London"]
[Date "2017.12.03"]
[Round "2"]
[White "Mohnblatt, Daniel"]
[Black "Cumming, Rhys"]
[Result "0-1"]
[WhiteElo "1734"]
[BlackElo "2162"]
[PlyCount "88"]
[EventDate "2017.12.02"]
[EventType "swiss"]
[EventRounds "9"]
[EventCountry "ENG"]
[SourceTitle "CBM 182 Extra"]
[Source "ChessBase"]
[SourceDate "2018.02.23"]
[SourceVersion "1"]
[SourceVersionDate "2018.02.23"]
[SourceQuality "1"]

1. d4 Nf6 2. Nf3 g6 3. c4 Bg7 4. e3 0-0 5. Be2 c5 6. d5 d6 7. 0-0 e6 8. Nc3 exd5 9. cxd5 Re8 10. Nd2 Na6 11. e4 Nc7 12. a4 a6 13. f3 b6 14. Nc4 Rb8 15. Bg5 b5 16. axb5 axb5 17. Na5 Bd7 18. Qc1 b4 19. Nd1 Ncxd5 20. Bc4 Nb6 21. Qf4 Qe7 22. Ne3 Qe5 23. Rfd1 Ra8 24. Qxe5 dxe5 25. Rd6 Nxc4 26. Nexc4 Be6 27. Rad1 Nh5 28. b3 Nf4 29. Kf1 Bxc4+ 30. Nxc4 Ne6 31. Be3 Nd4 32. Bxd4 cxd4 33. Rb6 Bf8 34. Rb5 f6 35. Ke2 Ra2+ 36. Rd2 Rea8 37. Rb6 Rxd2+ 38. Nxd2 Bh6 39. Nc4 Ra2+ 40. Kd1 d3 41. Rb8+ Kf7 42. Rb7+ Ke6 43. Rb6+ Ke7 44. Rb7+ Kd8 0-1

[Event "London Classic op 8th"]
[Site "London"]
[Date "2016.12.12"]
[Round "5"]
[White "Witt, Holger"]
[Black "Mohnblatt, Daniel"]
[Result "0-1"]
[WhiteElo "1628"]
[BlackElo "1769"]
[PlyCount "83"]
[EventDate "2016.12.09"]
[EventType "swiss"]
[EventRounds "9"]
[EventCountry "ENG"]
[SourceTitle "CBM 176 Extra"]
[Source "ChessBase"]
[SourceDate "2017.03.02"]
[SourceVersion "1"]
[SourceVersionDate "2017.03.02"]
[SourceQuality "1"]

1. c4 e5 2. Nc3 Nf6 3. Nf3 Nc6 4. d4 exd4 5. Nxd4 Bb4 6. Nxc6 bxc6 7. Bg5 h6 8. Bh4 g5 9. Bg3 d6 10. Qc2 Qe7 11. e3 h5 12. h3 Ne4 13. Bh2 Rb8 14. Bd3 Nxc3 15. bxc3 Bc5 16. 0-0 Be6 17. Rab1 Kd7 18. Rxb8 Rxb8 19. Rb1 Qd8 20. Rxb8 Qxb8 21. Bf5 Qd8 22. Kf1 Qe7 23. Qe4 Qf6 24. Bxe6+ fxe6 25. Qh7+ Kc8 26. Qxh5 Bxe3 27. Qe2 Bb6 28. Qf3 Qxf3 29. gxf3 Ba5 30. Bg3 Bxc3 31. h4 gxh4 32. Bxh4 d5 33. cxd5 cxd5 34. Bg5 Kd7 35. Bc1 c5 36. Bf4 Kc6 37. Bc1 Kb5 38. Ke2 c4 39. Kd1 d4 40. Kc2 Bb4 41. Bb2 d3+ 42. Kd1 0-1

[Event "London Classic op 8th"]
[Site "London"]
[Date "2016.12.10"]
[Round "2"]
[White "Dushyant, Sharma"]
[Black "Mohnblatt, Daniel"]
[Result "1-0"]
[WhiteElo "2066"]
[BlackElo "1769"]
[PlyCount "43"]
[EventDate "2016.12.09"]
[EventType "swiss"]
[EventRounds "9"]
[EventCountry "ENG"]
[SourceTitle "CBM 176 Extra"]
[Source "ChessBase"]
[SourceDate "2017.03.02"]
[SourceVersion "1"]
[SourceVersionDate "2017.03.02"]
[SourceQuality "1"]

1. e4 c5 2. Nf3 e6 3. d4 cxd4 4. Nxd4 Nf6 5. Nc3 Qb6 6. e5 Bc5 7. Be3 Nd5 8. Nxd5 exd5 9. Nf5 Qxb2 10. Bd3 Qc3+ 11. Kf1 Bxe3 12. Nxe3 Qxe5 13. Ng4 Qe6 14. Qf3 0-0 15. Re1 Qc6 16. Qf5 Qg6 17. Qf3 Qc6 18. h4 d6 19. Nf6+ gxf6 20. Qh5 f5 21. Qg5+ Kh8 22. Qf6+ 1-0

[Event "London Classic op 7th"]
[Site "London"]
[Date "2015.12.10"]
[Round "8"]
[White "Mohnblatt, Daniel"]
[Black "Haddock, Paul"]
[Result "1/2-1/2"]
[WhiteElo "1766"]
[BlackElo "1623"]
[PlyCount "118"]
[EventDate "2015.12.04"]
[EventType "swiss"]
[EventRounds "9"]
[EventCountry "ENG"]
[SourceTitle "CBM 169 Extra"]
[Source "ChessBase"]
[SourceDate "2015.12.18"]
[SourceVersion "1"]
[SourceVersionDate "2015.12.18"]
[SourceQuality "1"]

1. d4 Nf6 2. c4 g6 3. Nc3 Bg7 4. e4 d6 5. Bd3 0-0 6. Nge2 e5 7. d5 a5 8. 0-0 Na6 9. a3 Nc5 10. Bc2 Bd7 11. Rb1 a4 12. Be3 b6 13. f3 Qe8 14. Qe1 Nh5 15. g4 Nf4 16. Nxf4 exf4 17. Bxf4 Qe7 18. Qg3 Rae8 19. Rbe1 h6 20. Kh1 Kh7 21. Bd2 Nb3 22. Bxb3 axb3 23. Qf4 Qh4 24. Qg3 Qxg3 25. hxg3 Be5 26. Kg2 f5 27. gxf5 gxf5 28. Rh1 Bg7 29. exf5 Bxf5 30. Ne4 Bxe4 31. Rxe4 Rxe4 32. fxe4 Re8 33. Kf3 Bxb2 34. Rb1 Bxa3 35. Rxb3 Rf8+ 36. Bf4 Bc5 37. Rb1 Kg6 38. Ra1 h5 39. Ra7 Rf7 40. Ra8 Bd4 41. Rg8+ Rg7 42. Rxg7+ Kxg7 43. g4 hxg4+ 44. Kxg4 Kf7 45. Kf5 Ke7 46. Kg6 Kd7 47. Kf7 Bh8 48. Bg5 Be5 49. Bh4 Bf4 50. Kf6 Be5+ 51. Kf5 Bh2 52. Bf6 Bg3 53. Bc3 Bh2 54. Be1 Be5 55. Bh4 Bh2 56. Bf6 Bg3 57. Kg4 Bh2 58. Bd4 Ke7 59. Kf3 Kd7 1/2-1/2

[Event "London Classic op 7th"]
[Site "London"]
[Date "2015.12.05"]
[Round "2"]
[White "Mohnblatt, Daniel"]
[Black "Vanheirzeele, Daniel"]
[Result "0-1"]
[WhiteElo "1766"]
[BlackElo "2138"]
[PlyCount "83"]
[EventDate "2015.12.04"]
[EventType "swiss"]
[EventRounds "9"]
[EventCountry "ENG"]
[SourceTitle "CBM 169 Extra"]
[Source "ChessBase"]
[SourceDate "2015.12.18"]
[SourceVersion "1"]
[SourceVersionDate "2015.12.18"]
[SourceQuality "1"]

1. d4 Nf6 2. c4 e6 3. Nc3 Bb4 4. f3 c5 5. d5 0-0 6. e4 d6 7. Nge2 a6 8. Ng3 b5 9. Be2 bxc4 10. Bxc4 exd5 11. Bxd5 Nxd5 12. Qxd5 Ra7 13. 0-0 Be6 14. Qg5 f6 15. Qe3 Nc6 16. Bd2 Nd4 17. Rfc1 f5 18. f4 Re7 19. Qd3 c4 20. Qf1 fxe4 21. Ngxe4 d5 22. Ng5 Bc5 23. Kh1 Bf5 24. Qd1 h6 25. Nf3 Bg4 26. Qf1 Nxf3 27. gxf3 Bf5 28. Re1 Bd3 29. Qh3 Rfe8 30. Rxe7 Rxe7 31. f5 Qd7 32. Qg2 Qxf5 33. Re1 Rxe1+ 34. Bxe1 d4 35. Nd1 Bb1 36. a3 Qc2 37. Qxc2 Bxc2 38. Nf2 Bf5 39. Kg2 Be6 40. Kf1 Bd6 41. h3 Bf4 42. Ke2 0-1

[Event "Gibraltar Challengers-B 13th"]
[Site "Caleta"]
[Date "2015.02.01"]
[Round "2"]
[White "Mohnblatt, Daniel"]
[Black "Nilsen, Martin"]
[Result "0-1"]
[WhiteElo "1863"]
[BlackElo "2011"]
[PlyCount "122"]
[EventDate "2015.01.31"]
[EventType "swiss"]
[EventRounds "5"]
[EventCountry "GGB"]
[SourceTitle "CBM 164 Extra"]
[Source "ChessBase"]
[SourceDate "2015.03.02"]
[SourceVersion "1"]
[SourceVersionDate "2015.03.02"]
[SourceQuality "1"]

1. d4 Nf6 2. c4 c5 3. d5 e6 4. Nc3 exd5 5. cxd5 d6 6. Nf3 g6 7. Bf4 a6 8. a4 Bg7 9. h3 0-0 10. e3 Qe7 11. Be2 Nbd7 12. 0-0 b6 13. Qb3 Bb7 14. Nd2 Rac8 15. Rad1 b5 16. axb5 axb5 17. Bxb5 Nh5 18. Bxd7 Qxd7 19. Nc4 Nxf4 20. exf4 Ba6 21. Qa2 Bxc4 22. Qxc4 Rb8 23. Qe2 Rb4 24. Qd2 Rfb8 25. Rb1 Qf5 26. g4 Qxf4 27. Qxf4 Rxf4 28. Kg2 Rfb4 29. Ra1 Rxb2 30. Ne4 R2b4 31. Rae1 Rd8 32. f3 Kf8 33. h4 c4 34. Rb1 Rxb1 35. Rxb1 c3 36. Rc1 Ra8 37. Nxc3 Be5 38. g5 Ra5 39. Ne4 Rxd5 40. f4 Bb2 41. Rc8+ Ke7 42. Rc7+ Ke6 43. Rb7 Bg7 44. Kf3 Rd3+ 45. Kg4 Re3 46. Ng3 Bc3 47. Rb8 Ke7 48. Rb7+ Ke6 49. Rb8 Kd5 50. Rb7 f5+ 51. gxf6 h5+ 52. Nxh5 gxh5+ 53. Kf5 Re8 54. Kg6 Ke6 55. f5+ Kd5 56. Re7 Rg8+ 57. Rg7 Rf8 58. f7 Bxg7 59. Kxg7 Ra8 60. Kf6 Ke4 61. Ke7 Kxf5 0-1

[Event "Gibraltar Challengers-A 13th"]
[Site "Caleta"]
[Date "2015.01.30"]
[Round "5"]
[White "Mohnblatt, Daniel"]
[Black "Baliuniene, Margarita"]
[Result "1/2-1/2"]
[WhiteElo "1863"]
[BlackElo "1946"]
[PlyCount "129"]
[EventDate "2015.01.26"]
[EventType "swiss"]
[EventRounds "5"]
[EventCountry "GGB"]
[SourceTitle "CBM 164 Extra"]
[Source "ChessBase"]
[SourceDate "2015.03.02"]
[SourceVersion "1"]
[SourceVersionDate "2015.03.02"]
[SourceQuality "1"]

1. d4 d5 2. c4 e6 3. Nc3 c5 4. cxd5 exd5 5. Nf3 Nc6 6. g3 Nf6 7. Bg2 Be7 8. 0-0 0-0 9. Bg5 c4 10. e3 h6 11. Bxf6 Bxf6 12. Nd2 Be6 13. b3 Rc8 14. Rc1 cxb3 15. Qxb3 Na5 16. Qa4 Rc6 17. Qb5 a6 18. Qe2 b5 19. Qh5 Rd6 20. Nb3 Nxb3 21. axb3 Kh7 22. b4 g6 23. Qf3 Be7 24. Ra1 Qd7 25. Qe2 Rc8 26. Qb2 Rdc6 27. Rfc1 Qd6 28. Na2 Bf5 29. Bf1 Rc2 30. Rxc2 Rxc2 31. Qb3 Qc6 32. Bd3 Bxd3 33. Qxd3 Qc4 34. Qxc4 bxc4 35. Kf1 Kg7 36. h4 h5 37. Ke1 Bd6 38. Kf1 Kf6 39. Nc1 Bxb4 40. Rxa6+ Kf5 41. Ne2 Ke4 42. Rf6 c3 43. Nf4 Ra2 44. f3+ Kxe3 45. Nxd5+ Kxd4 46. Nxb4 Ra1+ 47. Kg2 Kc4 48. Rf4+ Kb3 49. g4 Ra4 50. Nd5 c2 51. Rxa4 Kxa4 52. Nc3+ Kb3 53. Ne2 Kc4 54. Kf2 Kd3 55. gxh5 gxh5 56. Ke1 Ke3 57. f4 f5 58. Kf1 Kf3 59. Ke1 c1Q+ 60. Nxc1 Kxf4 61. Kf2 Kg4 62. Ne2 Kxh4 63. Kf3 Kg5 64. Kg3 h4+ 65. Kf3 1/2-1/2

[Event "Gibraltar Challengers-A 13th"]
[Site "Caleta"]
[Date "2015.01.29"]
[Round "4"]
[White "Machlik, Edit"]
[Black "Mohnblatt, Daniel"]
[Result "1/2-1/2"]
[WhiteElo "1914"]
[BlackElo "1863"]
[PlyCount "66"]
[EventDate "2015.01.26"]
[EventType "swiss"]
[EventRounds "5"]
[EventCountry "GGB"]
[SourceTitle "CBM 164 Extra"]
[Source "ChessBase"]
[SourceDate "2015.03.02"]
[SourceVersion "1"]
[SourceVersionDate "2015.03.02"]
[SourceQuality "1"]

1. d4 Nf6 2. c4 e6 3. Nc3 Bb4 4. Qc2 0-0 5. a3 Bxc3+ 6. Qxc3 d6 7. Bg5 Qe7 8. Nf3 Nbd7 9. e3 b6 10. Be2 Bb7 11. 0-0 h6 12. Bh4 g5 13. Bg3 Ne4 14. Qc2 f5 15. Bd3 Ndf6 16. Nd2 Nxd2 17. Qxd2 Ne4 18. Bxe4 Bxe4 19. d5 e5 20. f3 f4 21. fxe4 fxg3 22. hxg3 Qh7 23. Qc2 Rae8 24. Rxf8+ Rxf8 25. b4 Qd7 26. Qe2 Qf7 27. Rc1 Qg6 28. Qd3 Qf6 29. Rc2 h5 30. Rb2 g4 31. Qd1 Qg6 32. Qb1 Qg5 33. Qe1 Qg6 1/2-1/2

[Event "Gibraltar Challengers-A 13th"]
[Site "Caleta"]
[Date "2015.01.28"]
[Round "3"]
[White "Nwoye, Nnamdi"]
[Black "Mohnblatt, Daniel"]
[Result "1-0"]
[WhiteElo "2015"]
[BlackElo "1863"]
[PlyCount "55"]
[EventDate "2015.01.26"]
[EventType "swiss"]
[EventRounds "5"]
[EventCountry "GGB"]
[SourceTitle "CBM 164 Extra"]
[Source "ChessBase"]
[SourceDate "2015.03.02"]
[SourceVersion "1"]
[SourceVersionDate "2015.03.02"]
[SourceQuality "1"]

1. c4 e5 2. g3 Nf6 3. Bg2 Nc6 4. Nc3 Bc5 5. d3 h6 6. e3 0-0 7. Nge2 Re8 8. 0-0 Bf8 9. Rb1 Ne7 10. d4 exd4 11. exd4 d5 12. b3 Bf5 13. Rb2 c6 14. c5 Ng6 15. b4 b6 16. b5 Rc8 17. cxb6 Qxb6 18. a4 Ne4 19. Nxe4 Bxe4 20. Bh3 Ne7 21. Bxc8 Nxc8 22. Nc3 Bg6 23. Re1 Rxe1+ 24. Qxe1 Qxd4 25. bxc6 Be4 26. Nxe4 dxe4 27. Rb8 Nb6 28. Ba3 1-0

[Event "World Amateur-ch"]
[Site "Iasi"]
[Date "2013.04.26"]
[Round "5"]
[White "Blacher, Laurent"]
[Black "Mohnblatt, Daniel"]
[Result "0-1"]
[WhiteElo "1721"]
[BlackElo "1881"]
[PlyCount "64"]
[EventDate "2013.04.22"]
[EventType "swiss"]
[EventRounds "9"]
[EventCountry "ROU"]
[SourceTitle "CBM 154 Extra"]
[Source "ChessBase"]
[SourceDate "2013.06.25"]
[SourceVersion "2"]
[SourceVersionDate "2013.06.25"]
[SourceQuality "1"]

1. d4 Nf6 2. c4 e6 3. Nc3 Bb4 4. Qc2 0-0 5. e4 d5 6. e5 Ne4 7. Bd3 f5 8. Nge2 c5 9. Be3 Nc6 10. f3 cxd4 11. Nxd4 Nxd4 12. Bxd4 dxc4 13. fxe4 Qxd4 14. Be2 fxe4 15. Rf1 Rxf1+ 16. Bxf1 Qe3+ 17. Be2 Bd7 18. Rd1 Bc6 19. Qd2 Qxd2+ 20. Rxd2 Bxc3 21. bxc3 Bd5 22. Bg4 Rf8 23. Rf2 Rxf2 24. Kxf2 g6 25. Ke3 Kf7 26. a4 Ke7 27. Bd1 Kd7 28. Kd4 Kc6 29. g4 g5 30. Bc2 b6 31. Bxe4 Bxe4 32. Kxe4 Kc5 0-1

[Event "World Amateur-ch"]
[Site "Antalya"]
[Date "2011.10.07"]
[Round "6"]
[White "Kutlu, Turgut Can"]
[Black "Mohnblatt, Daniel"]
[Result "0-1"]
[WhiteElo "1638"]
[BlackElo "1893"]
[PlyCount "100"]
[EventDate "2011.10.01"]
[EventType "swiss"]
[EventRounds "9"]
[EventCountry "TUR"]
[SourceTitle "CBM 144 Extra"]
[Source "ChessBase"]
[SourceDate "2011.10.28"]
[SourceVersion "1"]
[SourceVersionDate "2011.10.28"]
[SourceQuality "1"]

1. c4 e5 2. Nc3 Nf6 3. g3 Nc6 4. Bg2 Bc5 5. Nf3 d6 6. 0-0 0-0 7. d3 h6 8. Na4 Re8 9. Nxc5 dxc5 10. Be3 Qd6 11. h3 Bf5 12. Nh4 Bh7 13. Qb3 Rab8 14. Qb5 Nd4 15. Bxd4 exd4 16. Rfe1 a6 17. Qa5 Re7 18. a3 g5 19. Nf3 Rbe8 20. Qd2 Nd7 21. Nh2 c6 22. Nf1 Bg6 23. e4 dxe3 24. Rxe3 Rxe3 25. Nxe3 Ne5 26. Ng4 Nxg4 27. hxg4 Qxd3 28. Qxd3 Bxd3 29. b3 Re7 30. Rc1 Kg7 31. Rc3 Re1+ 32. Kh2 Be4 33. f3 Bg6 34. b4 cxb4 35. axb4 Rb1 36. b5 axb5 37. cxb5 Rxb5 38. Bf1 Rd5 39. f4 f5 40. gxf5 Bxf5 41. fxg5 hxg5 42. Rb3 b5 43. Rc3 Rd2+ 44. Kg1 Be4 45. Rc5 Kf6 46. Bh3 Rc2 47. Rxc2 Bxc2 48. Bf1 b4 49. Bg2 b3 50. Bxc6 b2 0-1